1518 1086 1557 1866 1832 1200 1714 1509 1986 1257 1159 1136 1130 1468 1384 1772 1160 1549 1500 1882 1961 1181 1165 1029 1796 1814 1083 1913 1743 1920 1295 1027 1550 1173 1991 1383 1137 1626 1254 1454 1943 1005 1216 1239 1299 1085 1851 1049 1690 1452 1279 1632 1398 1719 1914 1702 1440 1883 1627 1616 1281 1520 1815 1534 1794 1184 1820 1489 1073 1871 1380 1844 1280 1476 1850 1833 1793 1263 1924 1111 1783 1790 1110 1822 1485 1171 1265 1686 1742 1452 1253 1722 1639 1654 1783 1278 1059 1168 1346 BCNSPRNW ULIB Ver.6.0+V

เปลี่ยนเป็นภาษาไทย

Change to English
 แสดงรายละเอียดบรรณานุกรม
  กลับหน้าหลัก

Brief Record : Get Marc (ISO 2709) : E-mail record : QR code < ปิดหน้าต่าง
LEADER : 00000nam a2200000Ia 4500
001    13399125477
003     ULIB
008    160621s2559 th 000 0 tha d
020    ^a9789740334453
040    ^abrv
060 04 ^aW84.3^bช358ก
100 0  ^aชัชวาลย์ จันทรวิจิตร
245 10 ^aการประเมินผลกระทบต่อสุขภาพ หลักการและเครื่องมือ /^cชัชวาลย์จันทรวิจิตร
250    ^aพิมพ์ครั้งที่ 1
260    ^aกรุงเทพฯ :^bสำนักพิมพ์แห่งจุฬาลงกรณ์มหาวิทยาลัย,^c2559
300    ^a246 หน้า ;^c21 ซม.
505 0  ^aความรู้ทั่วไปเกี่ยวกับเอชไอเอ -- ขั้นตอนการทำเอชไอเอ --เอชไอเอแบบเร่งด่วน -- การประเมินความเสี่ยงต่อสุขภาพ --การศึกษาทางด้านระบาดวิทยา -- เครื่องมือวิจัยเชิงคุณภาพ --การมีส่วนร่วมของประชาชน -- เอชไอเอในประเทศไทย --กรณีศึกษาด้านเอชไอเอ
650  4 ^aการประเมินความเสี่ยงด้านสุขภาพ
650  4 ^aการประเมินผลกระทบด้านสุขภาพ
650  4 ^aอนามัยสิ่งแวดล้อม
945    ^p350^l0^i25144
945    ^p350^l0^i25145
995    ^aกัณชพร
999    ^aกัณชพร
รายการนี้ยังไม่มีแท็ก
คุณยังไม่ได้ล็อกอิน คุณสามารถมีกิจกรรมร่วมกับเว็บไซต์ได้ แต่ต้องล็อกอินก่อน ::
  ล็อกอิน

รายการสื่อสารสนเทศ

ลำดับที่ ประเภท เลขเรียก/บาร์โค้ด สถานที่ สถานะ
1. หนังสือสำรอง
หนังสือสำรอง
W84.3 ช358ก ฉ.1 
  Barcode: 25144
ห้องสมุดวิทยาเขตนครสวรรค์
►ส่วนจัดเก็บหนังสือเก่า นว.
บนชั้น
  ขอยืม
2. วิทยาศาสตร์การแพทย์ และสุขภาพ
วิทยาศาสตร์การแพทย์ และสุขภาพ
W84.3 ช358ก ฉ.2 
  Barcode: 25145
ห้องสมุดวิทยาเขตนครสวรรค์
►ส่วนจัดเก็บหนังสือเก่า นว.
บนชั้น
  ขอยืม

รายการใกล้เคียง
    ผู้แต่ง [ชัชวาลย์ จันทรวิจิตร]

    หัวเรื่อง [การประเมินความเสี่ยงด้านสุขภาพ]
    หัวเรื่อง [การประเมินผลกระทบด้านสุขภาพ]
    หัวเรื่อง [อนามัยสิ่งแวดล้อม]

BibComment


ยังไม่เคยถูกคอมเมนท์

คอมเมนท์ทรัพยากรรายการนี้
  คอมเมนท์: การประเมินผลกระท..


 Copyright 2026. Bcnsprnw @Library